| 000 | 00512nam a2200169Ia 4500 | ||
|---|---|---|---|
| 999 |
_c22179 _d22179 |
||
| 003 | OSt | ||
| 005 | 20200515090733.0 | ||
| 008 | 190216s9999||||xx |||||||||||||| ||und|| | ||
| 040 | _coclc | ||
| 082 |
_a956 _bLAT/B |
||
| 100 |
_a Lathif, Syed Abdul _92329 |
||
| 245 | 0 |
_aBases Of Islamic Culture / _cSyed Abdul Lathif |
|
| 260 |
_bIdarah-1 Adabiyat-1, _aDelhi: _c1977. |
||
| 300 | _a234p | ||
| 650 | 0 |
_aHistory & geography _vIslamic History _92271 |
|
| 942 |
_cBK _2ddc _h956 _iLAT/B _k956 _mLAT/B |
||